| 000 | 00901nam a2200289Ia 4500 | ||
|---|---|---|---|
| 001 | Para_7893 | ||
| 003 | CHAP | ||
| 008 | 220125s1917 xx 000 0 und d | ||
| 010 | _a206842 | ||
| 040 | _cCHAP | ||
| 082 | _aPA-C 595.75 H4 | ||
| 100 |
_aBall, E.D. _9167098 |
||
| 245 |
_aThe beet leaf hopper and the curly leaf disease that it transmits / _c by E.E. Ball |
||
| 260 |
_aLehi, Utah : _b Agricultural Experiment Station |
||
| 300 | _a56 p. | ||
| 440 |
_aHemiptera; 7 _9173132 |
||
| 500 | _aEncuadernado con otros impresos similares | ||
| 650 |
_a _x HemÃpteros _x colecciones de escritos _x Eutetix _x Circulifer tenellus _9173177 |
||
| 710 |
_aUtah. Agr. Exp. Sta. Bull.;155 _9173178 |
||
| 901 | _aPA-C 595.75 H4 | ||
| 902 | _aA | ||
| 905 | _a0000001917 0000000000 00 | ||
| 910 | _a1917 | ||
| 942 | _cPARA | ||
| 942 |
_cPARA _d1 |
||
| 999 |
_c206842 _d206842 |
||